000 00697nam a2200229 i 4500
001 15484
003 ES-MaACL
005 20230906151104.0
007 t|
008 000322s1948 xxk ||||1| eng d
080 _a908(44)
100 1 _aBrodrick, Alan Houghton.
_931858
245 1 0 _aTouraine with Anjou and Maine /
_cedited by Alan Houghton Brodrick.
250 _a1st. ed.
260 _aLondon :
_bHodder and Stoughton,
_c1948.
300 _aXXXI, 368 p., 1 hoj. map. pleg. :
_bil. ;
_c20 cm.
490 1 _aThe people's France
651 4 _aFrancia-
_xDescripción.
_98676
830 0 _aThe people's France
_9228578
852 _aES-MaACL
_jG-2106
_bR.126254
999 _c15484
_d15484